000 00837nam a2200241 i 4500
003 DO-SdBNP
005 20231116074706.0
006 a||||gr|||| 00| 0
007 ta
008 231115b190? dr a|||| |||| 00| 0 spa d
040 _aDO-SdBNP
_bspa
_cBNPHU
_erda
082 4 _222
_bS446c
110 2 _aSecretaría de Estado de Deportes Educación Física y Recreación.
_955874
_bCentro de Capacitación Técnica Deportiva , Unidad de Documentación
245 1 0 _aAjedrez:
_bCurso de entrenamiento. /
246 1 3 _aCurso de entrenamiento:
_bajedrez
264 _a[Santo Domingo] :
_b[sin editora]
_c[190?]
300 _a107 páginas :
_bIlustraciones ;
_c19 cm.
336 _2rdacontent
_atexto
_btxt
337 _2rdamedia
_asin mediación
_bn
338 _2rdacarrier
_avolumen
_bnc
590 _aInventariado 2023 / MF
942 _2ddc
_cLBS1
999 _c55508
_d55508